Fundamentals of physics / (Record no. 617054)

000 -LEADER
fixed length control field 00361nam a22001457a 4500
020 ## - INTERNATIONAL STANDARD BOOK NUMBER
Qualifying information PB.
040 ## - CATALOGING SOURCE
Transcribing agency FIZZA ISHAQ
082 ## - DEWEY DECIMAL CLASSIFICATION NUMBER
Classification number 530
Author Mark RES
100 ## - MAIN ENTRY--PERSONAL NAME
Personal name Halliday, David.
9 (RLIN) 5033
245 ## - TITLE STATEMENT
Title Fundamentals of physics /
Statement of responsibility, etc. David Halliday.
250 ## - EDITION STATEMENT
Edition statement 5th ED.
260 ## - PUBLICATION, DISTRIBUTION, ETC.
Place of publication, distribution, etc. New York :
Name of publisher, distributor, etc. Wiley,
Date of publication, distribution, etc. 1997.
300 ## - PHYSICAL DESCRIPTION
Extent 296 P. ;
Dimensions 10 x 8 inches,
942 ## - ADDED ENTRY ELEMENTS (KOHA)
Source of classification or shelving scheme
Koha item type Book

No items available.

© 2023 Central Library, National University of Sciences and Technology. All Rights Reserved.